Monsieur de Vauban, en el prologo a mi tratado del diezmo el. despues de haver examinado varios proyectos de catastro y manifestada los inconvenientes en la practica dice asi: Siendo defectuosos todos esros medios es necesario recurrir a otros, que estèn exemptos de todos los defectos, que se les atribuyen, los quales no solo abrazen lo bueno que tienen, sino tambien lo que les falta...

Detalles Bibliográficos
Formato: Libro
Lenguaje:Spanish
Publicado: s.l., 17--.
Materias:
Colección:Banco de datos
Acervo:Seminario Conciliar de Nuestra Señora de Guadalupe Querétaro. Qro.. Biblioteca Florencio Rosas. Fondo Reservado
Descripción Física:[5] h. ; 30 cm. x 20.5 cm.
Tema general:Derecho civil
Notas:Documento manuscrito. Texto a renglón seguido. Letra manuscrita
LEADER 01063nam a22001810004500
035 |a 3001 
041 0 |a spa 
245 1 0 |a Monsieur de Vauban, en el prologo a mi tratado del diezmo el. despues de haver examinado varios proyectos de catastro y manifestada los inconvenientes en la practica dice asi: Siendo defectuosos todos esros medios es necesario recurrir a otros, que estèn exemptos de todos los defectos, que se les atribuyen, los quales no solo abrazen lo bueno que tienen, sino tambien lo que les falta... 
260 |a s.l., 17--. 
300 |a [5] h. ; 30 cm. x 20.5 cm. 
500 |a Documento manuscrito. Texto a renglón seguido. Letra manuscrita 
501 |a 23 obras 
504 |a Este documento manuscrito no tiene portada sino una rúbrica o título de partida al comienzo del texto de donde se ha tomado el título 
650 1 0 |a Derecho civil  
949 |a Fondo Reservado: 6137-L 
942 |c QUER-RES 
943 |g Seminario Conciliar de Nuestra Señora de Guadalupe Querétaro. Qro.. Biblioteca Florencio Rosas. Fondo Reservado 
999 |c 1110665  |d 1110665